000
00318nam a2200133Ia 4500
008
230901s2009 xx 000 0 und d
041
_a
ben
082
_a
362
100
_a
BASARKAR, S
245
_a
HOSPITAL WASTE MANAGEMENT
260
_b
JAYPEE BROTHERS
_c
2009
300
_a
144
650
_a
NURSING ADMINISTRATION
999
_c
869239
_d
869239